[Event "Caracas FVA 80th Ann"]
[Site "Caracas"]
[Date "2015.12.17"]
[Round "4"]
[White "Miranda Mamani, Gustavo"]
[Black "Nascimiento Martin, Jose Alberto"]
[Result "1-0"]
[WhiteElo "1561"]
[BlackElo "1818"]
[PlyCount "37"]
[EventDate "2015.12.16"]
[EventType "swiss"]
[EventRounds "8"]
[EventCountry "VEN"]
[SourceTitle "EXT 2018"]
[Source "ChessBase"]
[SourceDate "2017.10.13"]
[SourceVersion "1"]
[SourceVersionDate "2017.10.13"]
[SourceQuality "1"]

1. d4 d5 2. c4 e6 3. Nc3 Nf6 4. Bg5 Be7 5. e3 c6 6. c5 Nbd7 7. Nf3 Ne4 8. Nxe4 dxe4 9. Bxe7 Qxe7 10. Nd2 f5 11. Nc4 0-0 12. b4 e5 13. Nd6 Nf6 14. Bc4+ Nd5 15. 0-0 Kh8 16. Bxd5 cxd5 17. a4 Rf6 18. Rc1 Rh6 19. dxe5 1-0

[Event "Caracas FVA 80th Ann"]
[Site "Caracas"]
[Date "2015.12.16"]
[Round "2"]
[White "Escalona Landi, Samid Eduardo"]
[Black "Nascimiento Martin, Jose Alberto"]
[Result "0-1"]
[WhiteElo "1611"]
[BlackElo "1818"]
[PlyCount "46"]
[EventDate "2015.12.16"]
[EventType "swiss"]
[EventRounds "8"]
[EventCountry "VEN"]
[SourceTitle "EXT 2018"]
[Source "ChessBase"]
[SourceDate "2017.10.13"]
[SourceVersion "1"]
[SourceVersionDate "2017.10.13"]
[SourceQuality "1"]

1. e4 c5 2. Nf3 d6 3. d4 cxd4 4. Nxd4 Nf6 5. Nc3 a6 6. Bg5 e6 7. f4 Be7 8. Bd3 Nbd7 9. Qe2 Qc7 10. 0-0-0 b5 11. Rhe1 b4 12. Nb1 Bb7 13. e5 dxe5 14. fxe5 Nd5 15. Bxe7 Nxe7 16. Qh5 Bd5 17. Be4 Bxe4 18. Rxe4 Ng6 19. Rde1 Qa5 20. Nb3 Qb5 21. Nd4 Qd5 22. Nb3 Nf6 23. Nd4 Nxh5 0-1